[Event "TCh-CZE Div1 Zapad 2012-13"]
[Site "Czech Republic CZE"]
[Date "2013.04.21"]
[Round "11.6"]
[White "Neckar,L"]
[Black "Jezbera,J"]
[Result "1-0"]
[WhiteElo "2360"]
[BlackElo "2173"]

1.Nf3 Nf6 2.c4 g6 3.g3 Bg7 4.Bg2 d6 5.d4 O-O 6.Nc3 c6 7.O-O Qc7 8.e4 e5 9.h3 Nbd7
10.Re1 Re8 11.Be3 h6 12.Rc1 Nh5 13.b4 a5 14.b5 Kh7 15.bxc6 bxc6 16.c5 dxc5
17.dxe5 c4 18.g4 Rd8 19.Qe2  1-0

[Event "48th Capablanca Open I 2013"]
[Site "Havana CUB"]
[Date "2013.04.21"]
[Round "1.11"]
[White "Pozo Vera,S"]
[Black "Torres Rosas,L"]
[Result "1/2-1/2"]
[WhiteElo "2485"]
[BlackElo "2298"]

1.d4 Nf6 2.c4 g6 3.Nf3 Bg7 4.g3 O-O 5.Bg2 d6 6.O-O Nc6 7.Nc3 a6 8.b3 Rb8
9.Nd5 Nh5 10.Bb2 e6 11.Nc3 b5 12.d5 Na5 13.dxe6 fxe6 14.c5 dxc5 15.Qc2 Bb7
16.Nd1 c4 17.Ne3 c5 18.Rad1 Qe7 19.Ne5  1/2-1/2

[Event "48th Capablanca Mem Premier"]
[Site "Havana CUB"]
[Date "2013.04.25"]
[Round "5.4"]
[White "Perez Avendano,P"]
[Black "Davila,C"]
[Result "0-1"]
[WhiteElo "2264"]
[BlackElo "2304"]

1.d4 Nf6 2.Nf3 g6 3.g3 Bg7 4.c4 O-O 5.Bg2 d6 6.O-O Nc6 7.Nc3 Bf5 8.d5 Na5
9.Nd4 Bd7 10.b3 c5 11.Nc2 a6 12.Qd3 Qc8 13.Rb1 b5 14.Bd2 b4 15.Ne4 Nxe4 16.Bxe4 Nb7
17.a4 bxa3 18.Nxa3 Qc7 19.Bc3 Bxc3 20.Qxc3 Bh3 21.Rfe1 Rab8 22.Bc2 e5 23.Ra1 f5
24.Nb1 a5 25.Nd2 Rbe8 26.Nf3 h6 27.Kh1 g5 28.Ng1 Bg4 29.f3 Bh5 30.e4 f4 31.g4 Bg6
32.Re2 Kg7 33.Rg2 Ra8 34.Bd1 Qb6 35.Qe1 Qb4 36.Qf1 Be8 37.Raa2 Nd8 38.h4 Nf7
39.Rh2 Bd7 40.Rab2 Rfb8 41.Qh3 Kf6 42.Rbd2 a4 43.bxa4 Qxc4 44.Bc2 Bxa4 45.Bxa4 Qxa4
46.hxg5+ hxg5 47.Qh7 Rh8 48.Qf5+ Kg7 49.Nh3 Qa1+ 50.Ng1 Qe1 51.Re2 Qg3 52.Rg2 Qxg2+
53.Kxg2 Ra2+ 54.Kf1 Rhxh2  0-1

[Event "48th Capablanca Open I 2013"]
[Site "Havana CUB"]
[Date "2013.04.25"]
[Round "5.18"]
[White "Borges Mateos,J"]
[Black "Ruiz C,J"]
[Result "1/2-1/2"]
[WhiteElo "2439"]
[BlackElo "2357"]

1.d4 Nf6 2.c4 g6 3.Nf3 Bg7 4.g3 O-O 5.Bg2 d6 6.Nc3 Nc6 7.O-O Re8 8.d5 Na5
9.Qd3 c5 10.Ng5 h6 11.Nge4 Nxe4 12.Bxe4 Bh3 13.Bg2  1/2-1/2

[Event "48th Capablanca Open I 2013"]
[Site "Havana CUB"]
[Date "2013.04.25"]
[Round "5.37"]
[White "Leiva,G"]
[Black "Aucay Pelaez,M"]
[Result "1/2-1/2"]
[WhiteElo "2388"]
[BlackElo "2240"]

1.d4 Nf6 2.Nf3 g6 3.c4 Bg7 4.g3 O-O 5.Bg2 d6 6.O-O Nc6 7.Nc3 Bg4 8.d5 Na5
9.Nd2 c5 10.Qc2 a6 11.h3 Bd7 12.b3 b5 13.Bb2 Rb8 14.Rab1 Qc7 15.Rfc1 Rb6
16.Nd1 Rfb8 17.Bc3 R6b7 18.Ne3 Ne8 19.cxb5 axb5 20.Bxg7 Kxg7 21.b4 Nc4 22.bxc5 Qxc5
23.Qc3+ Nf6 24.Ne4 Qa7 25.Nxc4 bxc4 26.Rxb7 Qxb7 27.g4 h6 28.Nxf6 exf6 29.Qxc4 Qb2
30.Qc2 Qe5 31.Bf3 Rb2 32.Qc7 Bb5 33.Rc2 Rb1+ 34.Kg2 Re1 35.Qc3 Bxe2 36.Bxe2 Rxe2
37.Qxe5 Rxe5 38.Rd2 Re1 39.a4 Ra1 40.Rd4 f5 41.gxf5 g5 42.Kf3 Kf6 43.Ke4 Re1+
44.Kd3 Ke5 45.Rb4 Kxd5 46.Rb7 Ra1 47.Rxf7 Rxa4 48.Ke2 Ke5 49.Kf3 Rf4+ 50.Kg3 Rxf5
51.Re7+ Kf6 52.Rh7 Kg6 53.Rd7 Rd5 54.Kf3 Kh5 55.Ke4 Rd1 56.f4 gxf4 57.Kxf4 Kh4
58.Rh7 h5 59.Rh6 Rf1+ 60.Ke4 Re1+ 61.Kf4 Rd1 62.Ke4 d5+ 63.Ke5 Rd3 64.Rh8 Rxh3
65.Kxd5 Re3 66.Kd4 Re7 67.Rg8 Kh3 68.Kd3 h4 69.Kd2 Kh2 70.Rg4 h3 71.Rg8 Kh1
72.Rg3 Kh2 73.Rg8 Ra7 74.Ke2 Ra2+ 75.Kf1 Rg2 76.Rh8 Rg7 77.Kf2 Rf7+ 78.Ke2 Kg2
79.Rg8+ Kh1 80.Rh8 h2 81.Rg8 Ra7 82.Kf2 Ra2+ 83.Kf1 Ra1+ 84.Kf2 Rg1 85.Re8 Rg2+
86.Kf3 Rg7 87.Kf2 Rf7+ 88.Ke2 Rg7 89.Kf2  1/2-1/2

[Event "Nakhchivan Open A 2013"]
[Site "Nakhchivan AZE"]
[Date "2013.04.25"]
[Round "4.29"]
[White "Zeynalov,F"]
[Black "Ibrahimova,S"]
[Result "0-1"]
[WhiteElo "2320"]
[BlackElo "2166"]

1.d4 Nf6 2.c4 g6 3.Nf3 Bg7 4.g3 d6 5.Bg2 O-O 6.O-O Nc6 7.Nc3 a6 8.h3 Rb8
9.e4 b5 10.cxb5 axb5 11.Re1 e6 12.Qc2 Bd7 13.Bg5 h6 14.Be3 b4 15.Nb1 b3 16.axb3 Nb4
17.Qd1 Nxe4 18.Bxh6 Bxh6 19.Rxe4 Bc6 20.Rh4 Bg7 21.Nc3 Bd5 22.Nxd5 Nxd5 23.Nd2 Rb4
24.Nc4 c5 25.dxc5 dxc5 26.Ra4 Rb8 27.Ra5 Rc8 28.Ra6 Nf6 29.Qc1 Qd3 30.Rd6 Qxb3
31.Na5 Qb8 32.Rd2 Qb6 33.b4 Nd5 34.Nc4 cxb4 35.Bxd5 exd5 36.Rxd5 b3 37.Qd1 Qb8
38.Rd3 b2 39.Rb3 Rfd8 40.Qc2 Qa8 41.Kh2 Qa1 42.Rb7 Rb8 43.Rxb8 Rxb8 44.Nxb2 Bxb2
45.Rf4 Be5  0-1

[Event "Nakhchivan Open A 2013"]
[Site "Nakhchivan AZE"]
[Date "2013.04.26"]
[Round "5.23"]
[White "Agaragimov,D"]
[Black "Ibrahimova,S"]
[Result "1-0"]
[WhiteElo "2348"]
[BlackElo "2166"]

1.d4 Nf6 2.Nf3 g6 3.c4 Bg7 4.g3 d6 5.Bg2 O-O 6.O-O Nc6 7.Nc3 a6 8.Bf4 Rb8
9.Rc1 Nh5 10.Bg5 h6 11.Be3 Bd7 12.Qd2 Kh7 13.b3 Nf6 14.d5 Na5 15.c5 dxc5
16.Bxc5 b6 17.Ba3 b5 18.Nd1 Nb7 19.Nd4 Nd6 20.Qd3 b4 21.Bb2 Nb5 22.Nc6 Bxc6
23.Rxc6 Nd7 24.f4 Rb6 25.Bxg7 Kxg7 26.Qc4 Rxc6 27.dxc6 Nb8 28.Qxb4 Qd4+ 29.Qxd4+ Nxd4
30.Kf2 Ndxc6 31.Ne3 Nd4 32.Nd5 c6 33.Nxe7 Nxe2 34.Nxc6 Nxc6 35.Bxc6 Rc8 36.Kxe2 Rxc6
37.Kd2 h5 38.Re1 Rd6+ 39.Kc3 Rc6+ 40.Kb2 Rd6 41.Re2 Kf6 42.b4 Kf5 43.a4 h4
44.Kc3 Kg4 45.gxh4 Kf3 46.Rd2 Rc6+ 47.Kb3 Ke3 48.Rc2 Rb6 49.Rc4 Kd3 50.Rc7 f5
51.Re7 Kd4 52.a5 Rc6 53.Re5 Kd3 54.h5 gxh5 55.Rxf5 h4 56.Rh5 Rc1 57.Rd5+ Ke4
58.Rd6 Rb1+ 59.Kc3 Kxf4 60.Rxa6  1-0

[Event "Nakhchivan Open A 2013"]
[Site "Nakhchivan AZE"]
[Date "2013.04.26"]
[Round "5.13"]
[White "Khademalsharieh,S"]
[Black "Mirzoev,A"]
[Result "1/2-1/2"]
[WhiteElo "2267"]
[BlackElo "2557"]

1.d4 Nf6 2.Nf3 g6 3.c4 Bg7 4.g3 O-O 5.Bg2 d6 6.O-O Nc6 7.Nc3 Bg4 8.d5 Na5
9.Qd3 c5 10.Bd2 e5 11.e4 b6 12.Ne1 Bd7 13.Nc2 Nb7 14.f4 exf4 15.gxf4 Re8
16.Rae1 Nh5 17.Qf3 Qh4 18.Nb5 Rab8 19.Nxa7 Ra8 20.Nc6 Rxa2 21.e5 Rxb2 22.Qc3 Ra2
23.Qb3 Rea8 24.e6 fxe6 25.dxe6 Be8 26.e7 Rb2 27.Qd3 Raa2 28.Nd8 Nxd8 29.Qh3 Nf7
30.Qxh4 Rxc2 31.Bd5 Rxd2 32.f5 Rxd5 33.cxd5 Bd4+ 34.Kh1 Be5 35.Rxe5 dxe5
36.fxg6 hxg6 37.Qg4 Kh7 38.Qe6 Nf4 39.Qc8 Nd6 40.Qb8 Bb5 41.Qxd6 Bxf1 42.h4 Bg2+
43.Kg1 Nh3+ 44.Kh2 Bf1+ 45.Kg3 Ra3+ 46.Kh2 Ra2+ 47.Kg3 Ra3+  1/2-1/2

[Event "Nakhchivan Open A 2013"]
[Site "Nakhchivan AZE"]
[Date "2013.04.28"]
[Round "6.29"]
[White "Zeynalov,F"]
[Black "Khalafova,N"]
[Result "1/2-1/2"]
[WhiteElo "2320"]
[BlackElo "2114"]

1.d4 Nf6 2.c4 g6 3.Nf3 Bg7 4.g3 O-O 5.Bg2 d6 6.O-O Nc6 7.Nc3 a6 8.h3 Bd7
9.e4 e5 10.Be3 exd4 11.Nxd4 Qc8 12.Kh2 Re8 13.Rc1 h5 14.f3 Ne5 15.Nd5 c5
16.Nxf6+ Bxf6 17.Ne2 Qc7 18.f4 Nc6 19.e5 dxe5 20.Bxc5 Nd4 21.Bxd4 exd4 22.Nxd4 Rad8
23.Bd5 Bc6 24.Nf3 Qa5 25.a3 Bxd5 26.cxd5 Rxd5 27.Qc2 Qb5 28.Rf2 Re3 29.Re1 Rb3
30.Ne5 Rc5 31.Qd2 Rd5 32.Qc2 Rc5 33.Qd2 Rd5  1/2-1/2

[Event "Nakhchivan Open A 2013"]
[Site "Nakhchivan AZE"]
[Date "2013.04.28"]
[Round "6.19"]
[White "Agasiyev,Ka"]
[Black "Babaev,T"]
[Result "1-0"]
[WhiteElo "2244"]
[BlackElo "2405"]

1.d4 Nf6 2.c4 g6 3.Nf3 Bg7 4.g3 O-O 5.Bg2 d6 6.O-O Nc6 7.d5 Na5 8.Qa4 c5
9.Bd2 b6 10.Bc3 e5 11.dxe6 Bxe6 12.Nbd2 Qe8 13.Qc2 Bf5 14.Qc1 Rd8 15.Re1 Nc6
16.e4 Be6 17.b3 Ng4 18.Bxg7 Kxg7 19.Qc3+ Kg8 20.Nh4 Qe7 21.h3 Qf6 22.e5 Qxf2+
23.Kh1 Ngxe5 24.Re3 b5 25.Ne4 Qxe3 26.Qxe3 bxc4 27.bxc4 f6 28.Rf1 Kg7 29.Rxf6 Rxf6
30.Nxf6 Nd4 31.Nh5+ Kh8 32.Qg5 Rd7 33.Qf6+ Kg8 34.Nf4 Bxc4 35.Nd5 Ndc6 36.Ne3 Bxa2
37.Bxc6 Nxc6 38.Ng4 Bf7 39.Nh6+ Kf8 40.Qh8+  1-0

[Event "25th ch-ALG 2013"]
[Site "Algiers ALG"]
[Date "2013.04.29"]
[Round "4.2"]
[White "Ioualalen,Lotfi"]
[Black "Haddouche,M"]
[Result "0-1"]
[WhiteElo "2099"]
[BlackElo "2464"]

1.d4 d6 2.Nf3 Nf6 3.c4 g6 4.g3 Bg7 5.Bg2 O-O 6.O-O Nbd7 7.Nc3 e5 8.dxe5 dxe5
9.Qb3 c6 10.Rd1 Qe7 11.h3 Re8 12.Bg5 h6 13.Be3 Bf8 14.Nd2 Qe6 15.g4 Nc5 16.Qc2 a5
17.Nde4 Ncxe4 18.Nxe4 Nxe4 19.Bxe4 f5 20.gxf5 gxf5 21.Bg2 Qf7 22.Bb6 Be6
23.c5 e4 24.b3 Bg7 25.Rac1 Be5 26.e3 Kh8 27.Rd6 Rg8 28.Kh1 Rg5 29.Rg1 Bxd6
30.cxd6 Rag8 31.Bd4+ Kh7 32.Be5 Qg6 33.Bg3 h5 34.d7 Bxd7 35.Qd1 Be8 36.Qf1 Qe6
37.Bf4 R5g7 38.Qe1 a4 39.bxa4 Qxa2 40.Be5 Rg6 41.Qa5 h4 42.Qd8 Qe6 43.Qxh4+ Rh6
44.Qf4 Bh5 45.Rb1 Qd7 46.Kh2 Qf7 47.Bc7 Bf3 48.Bf1 Qg6 49.Qg3 Qh5 50.Qe5 Qxh3+
51.Bxh3 Rg2+ 52.Kh1 Rxh3+  0-1

[Event "48th Capablanca Open I 2013"]
[Site "Havana CUB"]
[Date "2013.04.29"]
[Round "8.45"]
[White "Diaz Perez,Michel Alejandro"]
[Black "Rivera,I"]
[Result "1/2-1/2"]
[WhiteElo "2276"]
[BlackElo "2165"]

1.Nf3 Nf6 2.d4 g6 3.c4 Bg7 4.g3 O-O 5.Bg2 d6 6.O-O Nbd7 7.Nc3 e5 8.h3 exd4
9.Nxd4 Nb6 10.b3 c6 11.e4 Re8 12.Be3 Be6 13.Qd2 d5 14.exd5 cxd5 15.Nxe6 fxe6
16.cxd5 Nfxd5 17.Nxd5 Nxd5 18.Bg5 Qb6 19.Rac1 Nf6 20.Be3 Rad8 21.Qe2 Qb4
22.Rfd1 Nd5 23.Bc5 Qa5 24.Qg4 b6 25.Bd4 Bxd4 26.Rxd4 Qxa2 27.Re1 Nc7 28.Rxd8 Rxd8
29.Rc1 Rd7 30.Qg5 Qxb3 31.Qe5 Rd1+ 32.Rxd1 Qxd1+ 33.Kh2 Qd7 34.h4 b5 35.h5 gxh5
36.Bf1 a6 37.Be2 Qf7 38.Kg2 Nd5 39.Qg5+ Kf8 40.Bxh5 Qf6 41.Qc1 b4 42.Qc8+ Kg7
43.Qxa6 b3 44.Qb7+ Kh6 45.Bd1 b2 46.Bc2 Ne7 47.Qe4 Nf5 48.Qf4+ Qg5 49.Qb4 Qf6
50.Qf4+ Kg7 51.Qc7+ Ne7 52.Qb7 h5 53.Qe4 Nf5 54.Qb7+ Kh6 55.Qe4 Kg7 56.Qb7+ Kh6
57.Qe4 Kg7 58.Qb7+ Kh6  1/2-1/2

[Event "48th Capablanca Open II 2013"]
[Site "Havana CUB"]
[Date "2013.04.29"]
[Round "8.51"]
[White "Carrillo,Jose Antonio"]
[Black "Castro Bello,Carlos Javier"]
[Result "1/2-1/2"]
[WhiteElo "1871"]
[BlackElo "1980"]

1.d4 Nf6 2.c4 g6 3.Nf3 Bg7 4.g3 O-O 5.Bg2 d6 6.O-O c5 7.d5 e6 8.Nc3 Re8 9.Re1 exd5
10.cxd5 Na6 11.a3 Nc7 12.a4 b6 13.Nd2 Nd7 14.Nc4 Ne5 15.Na3 Rb8 16.h3 a6
17.f4 Nd7 18.Nc4 Nf6 19.e4 h6 20.Nxd6 Qxd6 21.e5 Qd8 22.exf6 Rxe1+ 23.Qxe1 Bxf6
24.Qd1 Bd4+ 25.Kh2 Ne8 26.f5 Bxf5 27.Bxh6 Nd6 28.Qf3 Qf6 29.Bf4 Re8 30.g4 Bd7
31.Qg3 Be5 32.Rf1 Bxf4 33.Qxf4 Qxf4+ 34.Rxf4 Kg7 35.g5 Bf5 36.Bf3 Re5 37.h4 Re1
38.Kg2 Rc1 39.Bd1 Ne4 40.Nxe4 Bxe4+ 41.Rxe4 Rxd1 42.Re5 Rd4 43.Kf3 Rxa4 44.Re4 Rxe4
45.Kxe4 Kf8 46.d6 Ke8 47.Ke5 c4 48.Kf6 c3 49.bxc3 a5 50.d7+ Kxd7 51.Kxf7 a4
52.h5 gxh5 53.g6 a3 54.g7 a2 55.g8=Q a1=Q 56.Qe8+ Kd6  1/2-1/2

[Event "48th Capablanca Open I 2013"]
[Site "Havana CUB"]
[Date "2013.05.01"]
[Round "10.1"]
[White "Bruzon Batista,L"]
[Black "Obregon Rivero,J"]
[Result "1/2-1/2"]
[WhiteElo "2707"]
[BlackElo "2501"]

1.d4 Nf6 2.c4 g6 3.Nf3 Bg7 4.g3 O-O 5.Bg2 d6 6.O-O Nc6 7.Nc3 Bg4 8.Be3 Qd7
9.Qa4 Bxf3 10.exf3 e5 11.d5 Nd4 12.Qxd7 Nxd7 13.Rac1 Nf5 14.Bd2 Bh6 15.Rfd1 Bxd2
16.Rxd2 Ne7 17.Bf1 f5 18.Be2 Rfc8 19.Bd1 Kf7 20.a3 Nf6 21.Kg2 a6 22.Bb3 Nd7
23.Ne2 Kf6 24.f4 Nc5 25.Bc2 a5 26.fxe5+ dxe5 27.Nc3 Rd8 28.b4 axb4 29.axb4 Na6
30.Rb1 Nb8 31.c5 e4 32.Bb3 Nbc6 33.Nb5 Nxb4 34.Nxc7 Rac8 35.Ne6 Rd7 36.d6 Nec6
37.Nf4 Ra8 38.Be6 Rdd8 39.Bd5 Ra7 40.h4 Nxd5 41.Nxd5+ Ke5 42.Ne7 Ke6 43.Nd5 Ne5
44.Nf4+ Kf6 45.Rdb2 Nd7 46.Rb5 Ra2 47.Nd5+ Ke6 48.Nf4+ Kf6 49.Rxb7 Nxc5 50.Rxh7 Rxd6
51.Rb8 Nd3 52.Rf8+ Ke5 53.Re8+ Kd4 54.Ne6+ Rxe6 55.Rxe6 Rxf2+ 56.Kg1 Rf3
57.Rh6 Ke3 58.Rh7 f4 59.h5 Rf2 60.gxf4 Kf3  1/2-1/2

[Event "Nakhchivan Open A 2013"]
[Site "Nakhchivan AZE"]
[Date "2013.05.01"]
[Round "9.22"]
[White "Khademalsharieh,S"]
[Black "Iskandarov,M"]
[Result "1-0"]
[WhiteElo "2267"]
[BlackElo "2373"]

1.d4 Nf6 2.Nf3 g6 3.c4 Bg7 4.g3 O-O 5.Bg2 d6 6.O-O Nc6 7.Nc3 Bf5 8.d5 Na5
9.Nd4 Bd7 10.Qd3 c5 11.Nc2 a6 12.Rb1 Qc7 13.b3 b5 14.Bd2 Rab8 15.h3 e5 16.dxe6 fxe6
17.Bf4 Ne8 18.Ne4 e5 19.Bd2 Nc6 20.Ne3 Kh8 21.Nd5 Qc8 22.Kh2 Be6 23.Ng5 Bg8
24.h4 Rb7 25.Bh3 Qb8 26.Ne6 Bxe6 27.Bxe6 Nd4 28.Bh3 Rbf7 29.Kg1 Nc7 30.Nxc7 Qxc7
31.Bg2 Qd7 32.Bd5 Re7 33.Bg5 Ree8 34.Kg2 b4 35.f3 Bf6 36.Bh6 Bg7 37.Bg5 Ne6
38.Bxe6 Rxe6 39.e4 Qc6 40.a4 bxa3 41.Ra1 Rb8 42.Rxa3 Rb6 43.Bd8 Rb8 44.Qd5 Qd7
45.Bg5 Bf8 46.Rxa6 h6 47.Be3 Rc8 48.Ra7 Qe8 49.Rfa1 Re7 50.Ra8 Rec7 51.Rxc8 Rxc8
52.Qd2 h5 53.Ra7 Qe6 54.Bh6 Be7 55.Bg5 Bf8 56.Qa5 Kg8 57.Qb6  1-0

[Event "31st Liechtenstein Open 2013"]
[Site "Triesen LIE"]
[Date "2013.05.04"]
[Round "2.3"]
[White "Partenheimer,A"]
[Black "Belezky,A"]
[Result "1/2-1/2"]
[WhiteElo "2172"]
[BlackElo "2463"]

1.Nf3 Nf6 2.c4 g6 3.g3 Bg7 4.Bg2 d6 5.d4 O-O 6.Nc3 Nc6 7.O-O a6 8.Qd3 Bd7
9.d5 Nb4 10.Qd1 a5 11.h3 Na6 12.e4 e5 13.Ne1 Qc8 14.Kh2 Ne8 15.Nd3 Nc5 16.Qe2 Nxd3
17.Qxd3 f5 18.exf5 Bxf5 19.Qe2 Nf6 20.Bg5 Kh8 21.Rae1 Rf7 22.Bd2 Qf8 23.g4 Bd7
24.Ne4 Nxe4 25.Bxe4 Bh6 26.g5 Bg7 27.Kg2 Qc8 28.Rh1 b6 29.f3 Bf5 30.h4 Bxe4
31.fxe4 Qd7 32.h5 Kg8 33.hxg6 hxg6 34.b3 Raf8 35.Ref1 Rxf1 36.Rxf1 Rxf1 37.Kxf1 Qh3+
38.Kf2 Qh2+ 39.Kf3 Qh3+ 40.Kf2 Qh2+ 41.Kf3 Qh1+ 42.Kf2 Qh4+ 43.Kg2 Bf8 44.a4 Be7
45.Qe3 Kg7 46.Kf1 Qg4 47.Kf2 Qh4+ 48.Kg2 Kg8 49.Kf1 Qh1+ 50.Kf2 Kg7 51.Ke2 Qg2+
52.Kd3 Kf7 53.Kc3 Ke8 54.Kb2 Kd8 55.Kc1 Kc8 56.Kb2 Kb7 57.Kc1 Bd8 58.Kb2 Be7
59.Kc1 Qh1+ 60.Kc2  1/2-1/2

[Event "Oceania zt w 2013"]
[Site "Nadi FIJ"]
[Date "2013.05.09"]
[Round "8.3"]
[White "Jarek,Katherine"]
[Black "Anton,S"]
[Result "1-0"]
[WhiteElo "1940"]
[BlackElo "1751"]

1.d4 d6 2.Nf3 Nf6 3.c4 g6 4.g3 Bg7 5.Bg2 O-O 6.O-O Nc6 7.h3 e5 8.Nc3 Re8
9.dxe5 dxe5 10.Qxd8 Rxd8 11.Bg5 Be6 12.Nd2 h6 13.Be3 Nd4 14.Bxd4 Rxd4 15.Nb3 Rxc4
16.Bxb7 Rb8 17.Bg2 Rcb4 18.Nc5 Rxb2 19.Nxe6 fxe6 20.Rab1 a5 21.Rxb2 Rxb2
22.Rc1 Bf8 23.a4 Bb4 24.Nb5 c5 25.Nc7 Rxe2 26.Nxe6 Ne4 27.Bxe4 Rxe4 28.Nxc5 Bxc5
29.Rxc5 Rxa4 30.Rxe5 Ra2 31.Re7 a4 32.Ra7 a3 33.Kg2 Kf8 34.Ra6 Kf7 35.Ra7+ Kf6
36.Ra6+ Kf5 37.g4+ Kf4 38.Rxg6 Rb2 39.Rxh6 a2 40.Ra6 Rd2 41.Ra4+ Ke5 42.Kg3 Rd3+
43.f3 Rd2 44.h4 Kf6 45.h5 Kg7 46.Ra6 Rc2 47.g5 Rc5 48.Ra7+ Kh8 49.Kg4 Rc4+
50.f4 Rc2 51.g6 Rg2+ 52.Kf5 Rd2 53.h6 Rd5+ 54.Kg4 Rd8 55.Rxa2 Kg8 56.Ra7 Re8
57.f5 Kh8 58.Kg5 Rd8 59.Kf6 Rf8+ 60.Ke7 Kg8 61.Rd7  1-0

[Event "Oceania zt w 2013"]
[Site "Nadi FIJ"]
[Date "2013.05.09"]
[Round "8.2"]
[White "Wijesuriya,GV"]
[Black "Berezina,I"]
[Result "0-1"]
[WhiteElo "1846"]
[BlackElo "2191"]

1.d4 Nf6 2.c4 g6 3.Nf3 Bg7 4.g3 d6 5.Bg2 O-O 6.Nc3 c6 7.e4 Nbd7 8.O-O e5
9.d5 cxd5 10.cxd5 Nc5 11.Re1 a5 12.h3 Qb6 13.Qe2 a4 14.Nd2 Bd7 15.Nc4 Qc7
16.Na3 Ne8 17.Ncb5 Qb8 18.f4 f5 19.Nc3 fxe4 20.Nxe4 Nxe4 21.Qxe4 b5 22.Kh2 exf4
23.gxf4 Nf6 24.Qb4 Rf7 25.Bd2 Nh5 26.Bf3 Qd8 27.Rg1 Nxf4 28.Bxf4 Rxf4 29.Qxd6 Rxf3  0-1

[Event "Catalan Championship 2013"]
[Site "Barcelona ESP"]
[Date "2013.05.10"]
[Round "4.1"]
[White "Alonso Rosell,A"]
[Black "Lorenzo de la Riva,L"]
[Result "1-0"]
[WhiteElo "2547"]
[BlackElo "2423"]

1.Nf3 Nf6 2.c4 g6 3.g3 Bg7 4.Bg2 d6 5.d4 O-O 6.O-O Nbd7 7.Nc3 e5 8.e4 c6
9.b3 exd4 10.Nxd4 Re8 11.h3 Nc5 12.Re1 a5 13.Bf4 Nh5 14.Be3 Nf6 15.Qc2 Nfd7
16.Rad1 Qe7 17.f4 h5 18.Bf2 Nf8 19.a3 Nfe6 20.Nf3 Na6 21.Rb1 Nac7 22.Na4 Ra6
23.Nb6 Nf8 24.f5 c5 25.Nxc8 Rxc8 26.fxg6 Nxg6 27.e5 dxe5 28.Qf5 h4 29.Qxc8+  1-0

[Event "31st Liechtenstein Open 2013"]
[Site "Triesen LIE"]
[Date "2013.05.11"]
[Round "9.8"]
[White "Peredy,F"]
[Black "Paehtz,T sr"]
[Result "1/2-1/2"]
[WhiteElo "2191"]
[BlackElo "2410"]

1.d4 Nf6 2.c4 d6 3.Nf3 g6 4.g3 Bg7 5.Bg2 O-O 6.Nc3 Nc6 7.O-O a6 8.d5 Na5
9.Nd2 c5 10.Qc2 Rb8 11.b3 b5 12.Bb2 e5 13.Rae1 Ng4 14.h3 Nh6 15.e3 Bd7 16.Kh2 Qc7
17.Ne2 Rbe8 18.Bc3 Nb7 19.Nc1 b4 20.Bb2 a5 21.Nd3 a4 22.e4 a3 23.Ba1 f6 24.f4 Nd8
25.Qd1 Ndf7 26.Rf2 Qd8 27.Ref1 exf4 28.gxf4 f5 29.Bxg7 Kxg7 30.Qa1+ Qf6 31.e5 dxe5
32.Nxc5 Bc8 33.fxe5 Nxe5 34.Nde4  1/2-1/2

[Event "Open Hradec Kralove 2013"]
[Site "Hradec Kralove CZE"]
[Date "2013.05.17"]
[Round "3"]
[White "Portych,V"]
[Black "Meszaros,Lu"]
[Result "0-1"]
[WhiteElo "1796"]
[BlackElo "2113"]

1.c4 g6 2.Nf3 Bg7 3.g3 Nf6 4.Bg2 d6 5.d4 O-O 6.O-O Nc6 7.Nc3 Nd7 8.Bf4 h6
9.Qd2 Kh7 10.Rad1 Nb6 11.b3 a5 12.c5 dxc5 13.dxc5 Nd7 14.Nb5 e5 15.Be3 Re8
16.h4 Bf8 17.Nh2 Nxc5 18.Bxc6 bxc6 19.Qxd8 Rxd8 20.Nxc7 Rxd1 21.Rxd1 Ra7
22.Rc1 Rxc7 23.Bxc5 Bxc5 24.Rxc5 a4 25.Rxe5 axb3 26.axb3 Be6 27.b4 Rb7 28.Re4 c5
29.b5 Rxb5 30.Nf3 c4 31.Re5 Bd5 32.e4 c3 33.Nd4 Rb1+ 34.Kg2 Bb7 35.Re7 Kg8
36.Rc7 Bxe4+ 37.f3 Rb2+ 38.Kh3 Bd3 39.g4 Rb4 40.Rc8+ Kg7 41.Ne6+ fxe6 42.Rxc3 Bc4
43.Rc2 Bd5 44.Rf2 Kf6 45.Kg3 g5 46.hxg5+ hxg5 47.Rf1 Rb3 48.Rf2 e5 49.Rf1 e4  0-1

[Event "BSG Pinkstertoernooi 2013"]
[Site "Bussum NED"]
[Date "2013.05.18"]
[Round "3.19"]
[White "Schelvis,Richard"]
[Black "Boelhouwer,Collin"]
[Result "0-1"]
[WhiteElo "1916"]
[BlackElo "2101"]

1.d4 Nf6 2.c4 g6 3.Nf3 Bg7 4.g3 O-O 5.Bg2 d6 6.O-O c6 7.Nc3 Qa5 8.h3 Be6
9.Qd3 Qa6 10.b3 d5 11.Nd2 Nbd7 12.Na4 Rfe8 13.Bb2 Rad8 14.Qc2 Bf5 15.e4 Nxe4
16.Nxe4 Bxe4 17.Bxe4 dxe4 18.Qxe4 b5 19.cxb5 cxb5 20.Qe2 Qa5 21.Nc5 Nxc5
22.dxc5 Rd2 23.Qe1 Bxb2 24.b4 Qxb4  0-1

[Event "BSG Pinkstertoernooi 2013"]
[Site "Bussum NED"]
[Date "2013.05.19"]
[Round "3.6"]
[White "Ypma,P"]
[Black "Bosboom,M"]
[Result "0-1"]
[WhiteElo "2152"]
[BlackElo "2400"]

1.d4 g6 2.g3 Bg7 3.Bg2 Nf6 4.c4 O-O 5.Nf3 d6 6.O-O Nbd7 7.Nc3 e5 8.e4 exd4
9.Nxd4 c6 10.b3 Re8 11.Bb2 Nc5 12.Qc2 a5 13.h3 Qb6 14.Rad1 a4 15.Rfe1 Nfd7
16.Nce2 Ne5 17.Nc1 h5 18.Kh1 axb3 19.axb3 Ned7 20.f4 Nf6 21.Bc3 Bxh3 22.Bxh3 Nfxe4
23.Bg2 Nxc3 24.Qxc3 Ne6 25.Nce2 Nxd4 26.Nxd4 Rxe1+ 27.Qxe1 Bxd4 28.f5 Be5
29.fxg6 fxg6 30.b4 Qc7 31.Qe3 Kg7 32.b5 Rf8 33.b6 Qe7 34.c5 dxc5 35.Bh3 Rf7
36.Re1 Bf6 37.Be6 Bd4 38.Qa3 Rf1+ 39.Rxf1 Qxe6 40.g4 hxg4 41.Qg3 Be5 42.Qh4 Qd5+
43.Kg1 Bd4+ 44.Kh2 Qe5+ 45.Qg3 Qe2+ 46.Qg2 g3+ 47.Kh3 Qh5+ 48.Kxg3 Be5+ 49.Kf2 Qh4+
50.Kf3 Qf4+ 51.Ke2 Qc4+ 52.Ke3 Qb3+ 53.Ke2 Qb5+ 54.Kf3 Qxb6 55.Qg5 Bf6 56.Qf4 Qd8
57.Kg3 b5 58.Rf2 c4 59.Ra2 Qe7 60.Qf3 Be5+ 61.Kh3 Qd7+ 62.Kh4 c3 63.Rf2 Qe7+
64.Kh3 Qf6 65.Qe2 Qg5 66.Rf3 Qh5+  0-1

[Event "Gligoric Cup 2013"]
[Site "Banja Koviljaca SRB"]
[Date "2013.05.24"]
[Round "5.6"]
[White "Sekulic,D"]
[Black "Dragovic,M"]
[Result "0-1"]
[WhiteElo "2276"]
[BlackElo "2374"]

1.d4 Nf6 2.Nf3 g6 3.c4 Bg7 4.g3 O-O 5.Bg2 d6 6.Nc3 a6 7.O-O Nc6 8.d5 Na5
9.b3 b5 10.cxb5 axb5 11.Nd4 b4 12.Ncb5 Ba6 13.a4 Nd7 14.Rb1 Qb8 15.Be3 Nc5
16.Qc2 Bc8 17.Bd2 Bd7 18.Rfd1 Na6 19.e4 Rc8 20.Nc6 Nxc6 21.dxc6 Bg4 22.Re1 e5
23.Bf1 Rf8 24.Bc4 Kh8 25.Bd5 Qc8 26.Qc4 Qe8 27.Bxb4 f5 28.Bc3 f4 29.b4 g5
30.Rb3 Rf6 31.Ba1 Qh5 32.gxf4 gxf4 33.Qf1 Rg6 34.Qg2 Bf3 35.Rxf3 Qxf3 36.Qxg6 hxg6
37.Bc3 Bf6 38.Be6  0-1

[Event "e2e4 Sunningdale Open"]
[Site "Ascot ENG"]
[Date "2013.05.25"]
[Round "3"]
[White "Kalaiyalahan,Akshaya"]
[Black "Roberts,DL"]
[Result "0-1"]
[WhiteElo "1872"]
[BlackElo "2066"]

1.d4 Nf6 2.Nf3 g6 3.g3 Bg7 4.Bg2 O-O 5.c4 d6 6.O-O c6 7.Nc3 Bf5 8.b3 Ne4
9.Bb2 Nd7 10.Nh4 Nxc3 11.Bxc3 Bg4 12.h3 Be6 13.Qd3 d5 14.e4 dxc4 15.bxc4 Ne5
16.Qb1 Nxc4 17.Qxb7 Bxd4 18.Bxd4 Qxd4 19.Qxe7 Rfe8 20.Qg5 f6 21.Qc1 Red8
22.Rd1 Qxd1+ 23.Qxd1 Rxd1+ 24.Rxd1 Rb8 25.Bf1 Rb4 26.Rc1 Kf7 27.Kg2 Ke7 28.Nf3 c5
29.Ne1 Kd6 30.Nd3 Ra4 31.Nf4 Bf7 32.Rd1+ Kc6 33.Kg1 Rxa2 34.Nd5 Nd2 35.Bb5+ Kb7
36.Nxf6 c4 37.Nd5 Bxd5 38.exd5 a6 39.Bxc4 Nxc4 40.d6 Rd2 41.Re1 Rxd6 42.Re7+ Kb6
43.Rxh7 a5 44.Rh8 Kb5  0-1

[Event "22nd TCh-CRO Cup 2013"]
[Site "Bol na Bracu CRO"]
[Date "2013.05.25"]
[Round "5.84"]
[White "Ivekovic,I"]
[Black "Havas,Ja"]
[Result "0-1"]
[WhiteElo "1861"]
[BlackElo "2114"]

1.d4 Nf6 2.Nf3 g6 3.c4 Bg7 4.g3 O-O 5.Bg2 d6 6.O-O Nc6 7.Nc3 a6 8.h3 Bd7
9.Re1 Na5 10.Qd3 c5 11.e4 cxd4 12.Nxd4 Qc8 13.e5 dxe5 14.Rxe5 Nc6 15.Nxc6 bxc6
16.Qf3 Bxh3 17.Rxe7 Bxg2 18.Kxg2 Rb8 19.Qe2 Rb7 20.Rxb7 Qxb7 21.Bf4 Re8 22.Qc2 Qb4
23.Na4 Qa5 24.Rd1 Qh5 25.f3 Qa5 26.Nc3 h5 27.Rd2 Qc5 28.Re2 Qxc4 29.Rxe8+ Nxe8
30.Qd2 Nf6 31.Bg5 Nd5 32.Nxd5 Qxd5 33.Qxd5 cxd5 34.b3 Kf8 35.Kf2 Ke8 36.Ke2 Kd7
37.Kd3 Be5 38.g4 f6 39.Be3 h4 40.f4 h3  0-1

[Event "Hungarian National Open 2013"]
[Site "Zalakaros HUN"]
[Date "2013.05.28"]
[Round "7"]
[White "Berczes,D"]
[Black "Boros,De"]
[Result "1-0"]
[WhiteElo "2532"]
[BlackElo "2498"]

1.d4 d6 2.Nf3 g6 3.c4 Bg7 4.g3 Nf6 5.Bg2 O-O 6.Nc3 Nbd7 7.O-O e5 8.e4 exd4
9.Nxd4 Re8 10.h3 Nc5 11.Re1 Bd7 12.Rb1 h6 13.Kh2 a5 14.Bf4 a4 15.b4 Ne6 16.Be3 Ng5
17.f3 Nfh7 18.f4 Ne6 19.Nde2 h5 20.c5 h4 21.cxd6 hxg3+ 22.Kh1 Qh4 23.dxc7 Nef8
24.f5 gxf5 25.Nd5 fxe4 26.Nef4 Ra6 27.Qh5 Qxh5 28.Nxh5 Re5 29.Red1 Re8 30.b5 Rg6
31.Ne7+ Kh8 32.Nxg6+ fxg6 33.Nxg7 Kxg7 34.Rxd7+ Nxd7 35.Rc1  1-0

[Event "6th Mayors Cup 2013"]
[Site "Mumbai IND"]
[Date "2013.06.01"]
[Round "6"]
[White "Zubarev,Al1"]
[Black "Ramnath,B"]
[Result "1-0"]
[WhiteElo "2559"]
[BlackElo "2352"]

1.d4 Nf6 2.Nf3 g6 3.c4 Bg7 4.g3 O-O 5.Bg2 d6 6.O-O c6 7.Nc3 Bf5 8.b3 Ne4
9.Bb2 Nxc3 10.Bxc3 Be4 11.Qd2 Nd7 12.Rfd1 a5 13.Qe3 d5 14.Bh3 Bxf3 15.Qxf3 Nb6
16.Rab1 Qc7 17.Qd3 Rfd8 18.e4 e5 19.cxd5 exd4 20.Bxd4 Nxd5 21.exd5 Rxd5 22.Qc3 Rad8
23.Bxg7 Rxd1+ 24.Rxd1 Rxd1+ 25.Bf1 Qe7 26.Bh6  1-0